00920pam a2200253 a 45000010008000000030004000080050017000120080041000290100017000700200026000870400023001130500021001360600023001570820022001802450177002022600054003793000034004335040051004676500028005186500023005466500052005697000022006217000023006432067697OSt20220331105339.0940222s1994 enka b 001 0 eng c a 94008439  a0750612304 :c£75.00 aDNLM/DLCcDLCdDLC10aRD598b.C35 199410aWG 168 C26565 199400a617.4/12/008322000aCardiopulmonary bypass in neonates, infants and young children /c[edited by] Richard A. Jonas, Martin J. Elliott ; with a foreword by Jaroslav Stark and Aldo R. Casteneda. aOxford ;aBoston :bButterworth-Heinemann,c1994. axii, 312 p. :bill. ;c26 cm. aIncludes bibliographical references and index. 0aCardiopulmonary bypass. 0aChildrenxSurgery. 2aCardiopulmonary Bypassxin infancy & childhood.1 aJonas, Richard A.1 aElliott, Martin J.